Sobre mujeres y feminismo /
Guardado en:
| Autor Principal: | |
|---|---|
| Formato: | Libro |
| Publicado: |
Fundación Tehuelche :
Buenos Aires,
2012
|
| Materias: | |
| Etiquetas: |
Agregar Etiqueta
Sin Etiquetas, Sea el primero en etiquetar este registro!
|
| LEADER | 01312nam a22002055a 4500 | ||
|---|---|---|---|
| 001 | CEM.cems013770 | ||
| 005 | 20121127161100.0 | ||
| 008 | 130507s2012##################000#0#####d | ||
| 003 | CEMS | ||
| 020 | |a 9789871495191 | ||
| 082 | 0 | 4 | |a 396.09 |
| 100 | 1 | |a Coblier, Daiana | |
| 245 | 1 | 0 | |a Sobre mujeres y feminismo / |c Daiana Coblier, Comp. |
| 260 | |a Fundación Tehuelche : |b Buenos Aires, |c 2012 | ||
| 300 | |a 192 p. | ||
| 500 | |a Introducción: Dora Barrancos.prólogo: Daiana Maffia | ||
| 505 | 0 | |a Apropiarse del cuerpo de mujer pero no permitir que sea una sustancia inamovible donde se anclen las condiciones de un eterno femenino; utilizar el concepto de género de modo que estallen las dicotomías y se humanicen las categorizaciones; pensarnos en situación y con nuestras tensiones para no pagar caras nuestras libertades; reflexionar sobre la aspiración de justicia y el modo en que el derecho nos performa; salirse del límite de lo aceptable y correcto para explorar fronteras; pensar la feminidad más allá del soporte material para comprender la transgeneridad; profundizar el análisis de las múltiples formas de violencia visibles e invisibles de las que a veces somos perpetuadoras. | |
| 653 | |a Estudios de género | ||
| 653 | |a Fenismo | ||
| 859 | |a CEMS |b BIB. CEMS - 11 de abril |h 396.09 |i C639 |p 26478.12 |t Ej.1 | ||
